[Event "Paris-ch Rapid"]
[Site "Paris"]
[Date "2022.02.??"]
[Round "1.1"]
[White "Hauroo, Harris"]
[Black "Moussard, Jules"]
[Result "0-1"]
[WhiteElo "2142"]
[BlackElo "2632"]
[PlyCount "40"]
[EventDate "2022.03.06"]
[EventType "swiss (rapid)"]
[EventRounds "9"]
[EventCountry "FRA"]
[SourceTitle "EXT 2023"]
[Source "ChessBase"]
[SourceDate "2022.10.05"]
[SourceVersion "1"]
[SourceVersionDate "2022.10.05"]
[SourceQuality "1"]

1. d4 Nf6 2. c4 e6 3. Nc3 Bb4 4. a3 Bxc3+ 5. bxc3 c5 6. e3 Nc6 7. Bd3 d6 8. e4 cxd4 9. Ne2 dxc3 10. 0-0 0-0 11. Bg5 h6 12. Bh4 Ne5 13. f4 Ng6 14. Bf2 b6 15. Bd4 e5 16. Bxc3 Bg4 17. g3 Rc8 18. f5 Ne7 19. Bd2 b5 20. Bc2 Rxc4 0-1

[Event "Ville d'Orsay online Blitz"]
[Site "Europe Echecs INT"]
[Date "2021.02.07"]
[Round "2"]
[White "Hauroo, Harris"]
[Black "Cheparinov, Ivan"]
[Result "0-1"]
[WhiteElo "2131"]
[BlackElo "2667"]
[PlyCount "74"]
[EventDate "2021.02.07"]
[EventType "swiss (blitz)"]
[EventRounds "11"]
[EventCountry "FRA"]
[SourceTitle "CBM 200 Extra"]
[Source "ChessBase"]
[SourceDate "2021.03.31"]
[SourceVersion "1"]
[SourceVersionDate "2021.03.31"]
[SourceQuality "1"]

1. d4 Nf6 2. c4 g6 3. Nc3 d5 4. Nf3 Bg7 5. Qb3 dxc4 6. Qxc4 0-0 7. e4 Nc6 8. e5 Be6 9. exf6 Bxc4 10. fxg7 Kxg7 11. Bxc4 Nxd4 12. Nxd4 Qxd4 13. Be2 c6 14. 0-0 Rad8 15. a3 Qb6 16. Rb1 e5 17. Be3 Qb3 18. Bd1 Qe6 19. Bxa7 f5 20. Bb6 Rd2 21. Be3 Rd7 22. Bc5 Rfd8 23. Bb6 Re8 24. Be2 Qb3 25. Bc5 b6 26. Be3 f4 27. Bc1 Rd4 28. g3 g5 29. Bf3 e4 30. Bh5 Rf8 31. Re1 Qc2 32. Bd1 Rxd1 33. Rxd1 fxg3 34. fxg3 Rf2 35. Rd2 Rxd2 36. Bxd2 Qxd2 37. Kh1 e3 0-1

[Event "Syre Memorial op 33th"]
[Site "Issy les Moulineaux"]
[Date "2010.05.14"]
[Round "1"]
[White "Mullon, Jean Baptiste"]
[Black "Hauroo, Harris"]
[Result "1-0"]
[WhiteElo "2456"]
[BlackElo "2114"]
[PlyCount "85"]
[EventDate "2010.05.13"]
[EventType "swiss"]
[EventRounds "6"]
[EventCountry "FRA"]
[SourceTitle "EXT 2011"]
[Source "ChessBase"]
[SourceDate "2010.11.26"]
[SourceVersion "1"]
[SourceVersionDate "2010.11.26"]
[SourceQuality "1"]

1. e4 c5 2. Nf3 d6 3. d4 cxd4 4. Nxd4 Nf6 5. Nc3 a6 6. a4 e6 7. a5 Be7 8. Be2 0-0 9. Be3 Bd7 10. 0-0 Bc6 11. Bd3 Nbd7 12. f4 Re8 13. Qe2 Rc8 14. Kh1 Bf8 15. Bg1 e5 16. Nxc6 Rxc6 17. f5 Rc8 18. Bc4 Qc7 19. Bb3 Qc6 20. Rf3 Nc5 21. Bd5 Qc7 22. Rg3 b5 23. axb6 Qxb6 24. b3 Qb4 25. Bc4 a5 26. Nd5 Nxd5 27. Bxd5 Nd7 28. Ra4 Qb8 29. Rxa5 Nf6 30. c4 Qb4 31. Rb5 Qa3 32. Qd2 Rb8 33. Rd3 Rxb5 34. cxb5 Nxd5 35. Rxd5 Qxb3 36. Qd3 Qb4 37. b6 Rb8 38. Rb5 Qa4 39. b7 Be7 40. Rb1 h5 41. Qb3 Qxe4 42. Ba7 h4 43. h3 1-0

[Event "Paris-ch op-A"]
[Site "Paris"]
[Date "2008.07.04"]
[Round "7"]
[White "Strugnell, Carl"]
[Black "Hauroo, Harris"]
[Result "1-0"]
[WhiteElo "2188"]
[BlackElo "2134"]
[PlyCount "101"]
[EventDate "2008.06.28"]
[EventType "swiss"]
[EventRounds "9"]
[EventCountry "FRA"]
[SourceTitle "CBM 125 Extra"]
[Source "ChessBase"]
[SourceDate "2008.09.01"]
[SourceVersion "1"]
[SourceVersionDate "2008.09.01"]
[SourceQuality "1"]

1. e4 c5 2. Nf3 d6 3. d4 cxd4 4. Nxd4 Nf6 5. Nc3 a6 6. f3 e6 7. Be3 b5 8. Qd2 b4 9. Nce2 e5 10. Nb3 Nc6 11. 0-0-0 Rb8 12. g4 h6 13. Ng3 a5 14. Kb1 a4 15. Nc1 Qc7 16. h4 Be6 17. Qg2 Na5 18. b3 Nd7 19. g5 hxg5 20. hxg5 Rxh1 21. Qxh1 g6 22. Bh3 Rc8 23. Rd2 Bxh3 24. Qxh3 axb3 25. axb3 Qc3 26. Nf1 Ra8 27. Na2 Qc6 28. Rd5 Nc4 29. Nxb4 Qb7 30. c3 Nxe3 31. Nxe3 Qa7 32. Nec2 Qg1+ 33. Kb2 Qxg5 34. Rb5 Nc5 35. f4 Qd8 36. Nd5 Qc8 37. f5 Nxe4 38. c4 gxf5 39. Nb6 Qa6 40. Qxf5 Nc5 41. Nxa8 Qxa8 42. Ne3 e4 43. Qf6 Nd3+ 44. Kb1 Qa7 45. Qg5 Nc5 46. Qd5 Bg7 47. Qc6+ Nd7 48. Qc8+ Ke7 49. Nd5+ Ke6 50. Qe8+ Kf5 51. Qxf7+ 1-0

[Event "Paris-ch op-A"]
[Site "Paris"]
[Date "2008.07.03"]
[Round "6"]
[White "Hauroo, Harris"]
[Black "Toulzac, Pierre Yves"]
[Result "1/2-1/2"]
[WhiteElo "2134"]
[BlackElo "2239"]
[PlyCount "139"]
[EventDate "2008.06.28"]
[EventType "swiss"]
[EventRounds "9"]
[EventCountry "FRA"]
[SourceTitle "CBM 125 Extra"]
[Source "ChessBase"]
[SourceDate "2008.09.01"]
[SourceVersion "1"]
[SourceVersionDate "2008.09.01"]
[SourceQuality "1"]

1. d4 Nf6 2. c4 g6 3. Nc3 Bg7 4. e4 d6 5. Nf3 0-0 6. Be2 e5 7. 0-0 exd4 8. Nxd4 Re8 9. f3 c6 10. Kh1 Nbd7 11. Nc2 Qc7 12. Bf4 Ne5 13. Ne3 Nh5 14. Bg5 Nd7 15. g4 h6 16. gxh5 hxg5 17. hxg6 fxg6 18. Qd2 Nc5 19. Rg1 Qe7 20. Ng4 Bxg4 21. Rxg4 Ne6 22. c5 dxc5 23. Bc4 Qf7 24. Qg2 b5 25. Bxe6 Rxe6 26. Rxg5 Rf8 27. Rxc5 Qxf3 28. Qxf3 Rxf3 29. Kg2 Rf4 30. Kg3 Bh6 31. Re1 Rf7 32. Nd1 Bf4+ 33. Kg2 Rd7 34. Rc2 g5 35. Nf2 Rh6 36. h3 Rhd6 37. Ree2 Kg7 38. Kf3 Be5 39. Rc5 Rf7+ 40. Kg2 Bd4 41. Rxg5+ Rg6 42. Rxg6+ Kxg6 43. Ng4 c5 44. Rd2 Rf4 45. Re2 Kf7 46. Nf2 Ke6 47. Nd3 Rf8 48. Rc2 c4 49. Ne1 Ke5 50. Nf3+ Kxe4 51. Nxd4 Kxd4 52. a3 a5 53. h4 b4 54. axb4 axb4 55. Kg3 Rg8+ 56. Kf4 Kd3 57. Rh2 c3 58. bxc3 bxc3 59. h5 c2 60. Rh1 Rb8 61. Rc1 Kd2 62. Rxc2+ Kxc2 63. Kg5 Kd3 64. h6 Rb6 65. Kh5 Ke4 66. h7 Rb8 67. Kg6 Kf4 68. Kg7 Rb7+ 69. Kg6 Rxh7 70. Kxh7 1/2-1/2

[Event "FRA-chT2 North 0607"]
[Site "France"]
[Date "2007.03.31"]
[Round "10.5"]
[White "Hauroo, Harris"]
[Black "Marechal, Andy"]
[Result "0-1"]
[WhiteElo "2107"]
[BlackElo "2306"]
[PlyCount "82"]
[EventDate "2006.10.15"]
[EventType "team"]
[EventRounds "11"]
[EventCountry "FRA"]
[SourceTitle "EXT 2008"]
[Source "ChessBase"]
[SourceDate "2007.11.25"]
[SourceVersion "1"]
[SourceVersionDate "2007.11.25"]
[SourceQuality "1"]
[WhiteTeam "Evry Grand Roque III"]
[BlackTeam "Chalons en Champagne"]
[WhiteTeamCountry "FRA"]
[BlackTeamCountry "FRA"]

1. d4 d5 2. c4 c6 3. Nf3 Nf6 4. e3 Bf5 5. Nc3 e6 6. Be2 Nbd7 7. 0-0 Bd6 8. b3 h6 9. a4 Qe7 10. Bb2 0-0 11. a5 a6 12. Na4 Rad8 13. Ne5 dxc4 14. Nxc4 Bb4 15. Bd3 Bxd3 16. Qxd3 e5 17. dxe5 Nxe5 18. Qc2 Nxc4 19. Qxc4 Ne4 20. Rfc1 Rd2 21. Rf1 Rfd8 22. Bc3 Bd6 23. Bxd2 Nxd2 24. Qc2 Qe5 25. g3 Nxf1 26. Rxf1 Qxa5 27. Rd1 Bf8 28. Rxd8 Qxd8 29. Nc3 b5 30. Ne2 Qd6 31. Nd4 c5 32. Nf5 Qe6 33. e4 c4 34. bxc4 Qxc4 35. Qxc4 bxc4 36. Kf1 a5 37. Ke2 a4 38. Kd1 a3 39. Kc2 Bc5 40. Kc3 g6 41. Nh4 Bd4+ 0-1

[Event "FRA-chT2 North 0607"]
[Site "France"]
[Date "2006.11.26"]
[Round "2.3"]
[White "Hauroo, Harris"]
[Black "Lefebvre, Herve"]
[Result "0-1"]
[WhiteElo "2123"]
[BlackElo "2213"]
[PlyCount "94"]
[EventDate "2006.10.15"]
[EventType "team"]
[EventRounds "11"]
[EventCountry "FRA"]
[SourceTitle "EXT 2008"]
[Source "ChessBase"]
[SourceDate "2007.11.25"]
[SourceVersion "1"]
[SourceVersionDate "2007.11.25"]
[SourceQuality "1"]
[WhiteTeam "Evry Grand Roque III"]
[BlackTeam "Gonfreville II"]
[WhiteTeamCountry "FRA"]
[BlackTeamCountry "FRA"]

1. d4 g6 2. c4 Bg7 3. Nc3 c5 4. d5 Bxc3+ 5. bxc3 f5 6. Nf3 Nf6 7. Bh6 Rg8 8. e3 Qa5 9. Qc2 d6 10. Be2 Nbd7 11. 0-0 Nb6 12. Nd2 Bd7 13. Nb3 Qa4 14. Qd3 0-0-0 15. Nd2 g5 16. f4 gxf4 17. exf4 e6 18. Bg5 Rgf8 19. Bxf6 Rxf6 20. Rfb1 exd5 21. Rb2 dxc4 22. Qh3 Bc6 23. Rab1 d5 24. Qxh7 Qa3 25. Rc2 Ba4 26. Rcc1 Qxa2 27. Qe7 Qxd2 28. Qxf6 Qxe2 29. Qxf5+ Bd7 30. Qg5 Qe3+ 31. Kh1 Re8 32. Rf1 Qxc3 33. f5 Qe5 34. Qg6 Qe4 35. Qg3 Rf8 36. f6 Rxf6 37. Qg8+ Kc7 38. Qg3+ Rd6 39. Rbe1 Qg4 40. Qa3 Na4 41. Rf7 c3 42. Ra1 Qb4 43. Qc1 d4 44. Rb1 Nb2 45. Qf4 d3 46. Qg3 d2 47. Rf6 Qd4 0-1

[Event "FRA-chT2A 0506"]
[Site "France"]
[Date "2006.04.02"]
[Round "11.4"]
[White "Hauroo, Harris"]
[Black "Adam, Etienne"]
[Result "1/2-1/2"]
[WhiteElo "2130"]
[BlackElo "2072"]
[PlyCount "33"]
[EventDate "2005.10.27"]
[EventType "team-tourn"]
[EventRounds "11"]
[EventCountry "FRA"]
[SourceTitle "EXT 2006"]
[Source "ChessBase"]
[SourceDate "2005.11.24"]
[SourceVersion "1"]
[SourceVersionDate "2005.11.24"]
[SourceQuality "1"]
[WhiteTeam "Evry III"]
[BlackTeam "Niort"]
[WhiteTeamCountry "FRA"]
[BlackTeamCountry "FRA"]

1. d4 d5 2. Nf3 Nf6 3. e3 c6 4. c4 a6 5. Nc3 b5 6. cxd5 cxd5 7. Bd3 Bg4 8. Qb3 Bxf3 9. gxf3 e6 10. Rg1 Nc6 11. Ne2 Qd6 12. Nf4 e5 13. dxe5 Nxe5 14. Bc2 Ng6 15. Bd2 Nxf4 16. exf4 g6 17. Qe3+ 1/2-1/2

[Event "FRA-chT2A 0506"]
[Site "France"]
[Date "2006.03.11"]
[Round "8.5"]
[White "Hauroo, Harris"]
[Black "Rihouay, Clement"]
[Result "0-1"]
[WhiteElo "2151"]
[BlackElo "2172"]
[PlyCount "98"]
[EventDate "2005.10.27"]
[EventType "team-tourn"]
[EventRounds "11"]
[EventCountry "FRA"]
[SourceTitle "EXT 2006"]
[Source "ChessBase"]
[SourceDate "2005.11.24"]
[SourceVersion "1"]
[SourceVersionDate "2005.11.24"]
[SourceQuality "1"]
[WhiteTeam "Evry III"]
[BlackTeam "Nantes"]
[WhiteTeamCountry "FRA"]
[BlackTeamCountry "FRA"]

1. Nf3 Nf6 2. d4 e6 3. g3 b5 4. Bg2 Bb7 5. 0-0 c5 6. Bf4 Qb6 7. a4 a6 8. a5 Qc6 9. c3 d6 10. Nbd2 cxd4 11. cxd4 Qd7 12. Nb3 Be7 13. Nfd2 Nd5 14. Bxd5 Bxd5 15. e4 Bb7 16. Qg4 0-0 17. Rac1 Bd8 18. d5 exd5 19. Qxd7 Nxd7 20. Bxd6 Re8 21. e5 Nxe5 22. Rfe1 Bf6 23. Rc7 Nc4 24. Rxe8+ Rxe8 25. Nxc4 dxc4 26. Rxb7 cxb3 27. Ba3 h5 28. Kf1 Re6 29. Rb6 g5 30. h3 g4 31. hxg4 hxg4 32. Rb8+ Kh7 33. Rf8 Kg7 34. Ra8 Be5 35. Bf8+ Kg6 36. Ba3 Kf5 37. Rf8 f6 38. Rd8 Ke4 39. Rd1 Rc6 40. Re1+ Kd3 41. Re3+ Kc2 42. Re1 Rc4 43. Re2+ Kb1 44. Re3 Ka2 45. Be7 Kxb2 46. Ke1 Ka2 47. Kd1 Rc3 48. Re2+ b2 49. Bb4 Rc1+ 0-1

[Event "FRA-chT2A 0506"]
[Site "France"]
[Date "2006.02.05"]
[Round "7.6"]
[White "Hauroo, Harris"]
[Black "Menager, Erwan"]
[Result "1-0"]
[WhiteElo "2151"]
[BlackElo "2135"]
[PlyCount "91"]
[EventDate "2005.10.27"]
[EventType "team-tourn"]
[EventRounds "11"]
[EventCountry "FRA"]
[SourceTitle "EXT 2006"]
[Source "ChessBase"]
[SourceDate "2005.11.24"]
[SourceVersion "1"]
[SourceVersionDate "2005.11.24"]
[SourceQuality "1"]
[WhiteTeam "Evry III"]
[BlackTeam "Tours"]
[WhiteTeamCountry "FRA"]
[BlackTeamCountry "FRA"]

1. Nf3 c5 2. g3 g6 3. Bg2 Bg7 4. c4 Nc6 5. Nc3 d6 6. 0-0 Bd7 7. e3 Nf6 8. d4 0-0 9. d5 Nb4 10. a3 Na6 11. e4 Nc7 12. Qe2 Rb8 13. a4 a6 14. a5 b5 15. axb6 Rxb6 16. e5 Ng4 17. Bf4 Qb8 18. Ra2 Bf5 19. Na4 Nxe5 20. Bxe5 dxe5 21. Nxb6 Qxb6 22. Nxe5 Re8 23. Rd1 h5 24. Be4 Bxe4 25. Qxe4 Qb3 26. Rda1 h4 27. Qf3 Qc2 28. b3 Qf5 29. Qxf5 gxf5 30. Re1 Bf6 31. f4 Rb8 32. Ra3 hxg3 33. hxg3 Ne8 34. Kg2 Nd6 35. Nd7 Rb4 36. Nxf6+ exf6 37. Rxa6 Ne4 38. Re3 Kg7 39. Rc6 Kg6 40. d6 Rb8 41. d7 Ra8 42. Rxe4 fxe4 43. Rc8 Ra2+ 44. Kh3 e3 45. d8Q Kf5 46. Qd3+ 1-0

[Event "Paris-ch op-B"]
[Site "Paris"]
[Date "2005.07.15"]
[Round "7"]
[White "Hauroo, Harris"]
[Black "Martsynovskaya, Marina"]
[Result "0-1"]
[WhiteElo "2140"]
[BlackElo "2252"]
[PlyCount "78"]
[EventDate "2005.07.09"]
[EventType "swiss"]
[EventRounds "9"]
[EventCountry "FRA"]
[SourceTitle "EXT 2006"]
[Source "ChessBase"]
[SourceDate "2005.11.24"]
[SourceVersion "1"]
[SourceVersionDate "2005.11.24"]
[SourceQuality "1"]

1. d4 d5 2. Nf3 Nf6 3. c4 e6 4. Bg5 Be7 5. e3 0-0 6. Nc3 Nbd7 7. Rc1 c6 8. Qc2 b6 9. cxd5 exd5 10. Bd3 Bb7 11. 0-0 c5 12. Rfd1 c4 13. Bf5 a6 14. a4 h6 15. Bh4 Ne8 16. Bxe7 Qxe7 17. Qe2 Ndf6 18. Bb1 Nd6 19. Ne5 b5 20. axb5 axb5 21. Qc2 b4 22. Ng4 g6 23. Nxf6+ Qxf6 24. Ne2 Bc6 25. Qd2 Rab8 26. Ng3 h5 27. Qe2 Ba4 28. Re1 Rfc8 29. Ba2 h4 30. Nf1 Bb5 31. Qg4 Rc7 32. Qf4 Kg7 33. Nd2 Rbc8 34. Nf3 Qxf4 35. exf4 b3 36. Bb1 c3 37. bxc3 Rxc3 38. Rcd1 b2 39. Nd2 Ba4 0-1

[Event "Paris-ch op-B"]
[Site "Paris"]
[Date "2005.07.14"]
[Round "6"]
[White "Peltrault, Frederic"]
[Black "Hauroo, Harris"]
[Result "1/2-1/2"]
[WhiteElo "2202"]
[BlackElo "2140"]
[PlyCount "54"]
[EventDate "2005.07.09"]
[EventType "swiss"]
[EventRounds "9"]
[EventCountry "FRA"]
[SourceTitle "EXT 2006"]
[Source "ChessBase"]
[SourceDate "2005.11.24"]
[SourceVersion "1"]
[SourceVersionDate "2005.11.24"]
[SourceQuality "1"]

1. e4 c5 2. Nf3 d6 3. d4 cxd4 4. Nxd4 Nf6 5. Nc3 g6 6. Be3 Bg7 7. f3 Nc6 8. Qd2 0-0 9. 0-0-0 Nxd4 10. Bxd4 Be6 11. Kb1 Qc7 12. g4 Rfc8 13. g5 Nh5 14. Bxg7 Kxg7 15. f4 Qa5 16. f5 gxf5 17. Be2 Rxc3 18. Qxc3+ Qxc3 19. bxc3 Nf4 20. Bf3 fxe4 21. Bxe4 Rc8 22. Rhe1 Rc5 23. h4 Rb5+ 24. Ka1 b6 25. Rd4 Re5 26. Rdd1 Ra5 27. Rd4 Re5 1/2-1/2

[Event "Paris Apsap op 75th"]
[Site "Paris"]
[Date "2004.08.31"]
[Round "2"]
[White "Hauroo, Harris"]
[Black "Piankov, Evgenij"]
[Result "1/2-1/2"]
[WhiteElo "2122"]
[BlackElo "2358"]
[PlyCount "97"]
[EventDate "2004.09.??"]
[EventType "swiss"]
[EventRounds "9"]
[EventCountry "FRA"]
[SourceTitle "EXT 2006"]
[Source "ChessBase"]
[SourceDate "2005.11.24"]
[SourceVersion "1"]
[SourceVersionDate "2005.11.24"]
[SourceQuality "1"]

1. d4 d5 2. c4 e6 3. Nc3 c6 4. Nf3 f5 5. Bg5 Be7 6. Bxe7 Qxe7 7. e3 Nf6 8. Ne5 0-0 9. Bd3 Nbd7 10. f4 Ne4 11. 0-0 Nxe5 12. fxe5 Qg5 13. Rf4 a6 14. Qe2 Bd7 15. Raf1 Nxc3 16. bxc3 b5 17. c5 Be8 18. Qf2 Qe7 19. e4 dxe4 20. Bxe4 g5 21. Rf3 Bh5 22. Bxc6 Bxf3 23. Bxf3 Rad8 24. Qb2 g4 25. Bd1 Qg7 26. Bb3 Rde8 27. Qa3 Qb7 28. Qc1 Kh8 29. Qh6 Qd7 30. Qf4 Qg7 31. c4 bxc4 32. Bxc4 a5 33. a4 Re7 34. Qd2 Rd8 35. Rd1 Red7 36. Qxa5 Qh6 37. Qd2 Qxd2 38. Rxd2 Rxd4 39. Rxd4 Rxd4 40. Bxe6 Rxa4 41. Bxf5 Rc4 42. e6 Rxc5 43. Bxg4 Kg7 44. Kf2 Kf6 45. h3 Re5 46. Kg3 Kg5 47. Kh2 Kf4 48. Bf3 Rxe6 49. Ba8 1/2-1/2

[Event "Paris Apsap op 74th"]
[Site "Paris"]
[Date "2004.08.15"]
[Round "9"]
[White "Hauroo, Harris"]
[Black "Tran, Philippe"]
[Result "0-1"]
[WhiteElo "2122"]
[BlackElo "1950"]
[PlyCount "70"]
[EventDate "2004.08.??"]
[EventType "swiss"]
[EventRounds "9"]
[EventCountry "FRA"]
[SourceTitle "EXT 2005"]
[Source "ChessBase"]
[SourceDate "2004.11.15"]
[SourceVersion "1"]
[SourceVersionDate "2004.11.15"]
[SourceQuality "1"]

1. Nf3 c5 2. e3 Nc6 3. d4 cxd4 4. exd4 d5 5. Be2 Nf6 6. 0-0 Bf5 7. Bf4 e6 8. c3 h6 9. Nbd2 Bd6 10. Ne5 0-0 11. Ndf3 Qe7 12. Re1 Rfc8 13. Rc1 a6 14. c4 dxc4 15. Bxc4 Na5 16. Bf1 Qd8 17. a3 Rxc1 18. Bxc1 Rc8 19. b4 Nc6 20. Bb2 Qb6 21. Nc4 Qc7 22. Nxd6 Qxd6 23. Qd2 Rd8 24. Rd1 Be4 25. Qe3 Qd5 26. Nd2 Bg6 27. Bc4 Qh5 28. Be2 Qf5 29. Nc4 Nd5 30. Qf3 Nf4 31. Bf1 Bh5 32. Qb3 Bxd1 33. Qxd1 Qe4 34. g3 Nxd4 35. Nd2 Nde2+ 0-1